VETAL PANCHAVISHI (Record no. 357760)
[ view plain ]
| 000 -LEADER | |
|---|---|
| fixed length control field | 003150000a22001450004500 |
| 005 - DATE AND TIME OF LATEST TRANSACTION | |
| control field | 20120302062822.0 |
| 040 ## - CATALOGING SOURCE | |
| Original cataloging agency | MAR |
| 100 ## - MAIN ENTRY--PERSONAL NAME | |
| Personal name | BODAS,MANDA |
| 245 ## - TITLE STATEMENT | |
| Title | VETAL PANCHAVISHI |
| 260 ## - PUBLICATION, DISTRIBUTION, ETC. (IMPRINT) | |
| Place of publication, distribution, etc | MUMBAI : CENTRAL PRAKASHAN |
| 300 ## - PHYSICAL DESCRIPTION | |
| Extent | 128 P. |
| 365 ## - TRADE PRICE | |
| Price amount | RS.2/- |
| 650 ## - SUBJECT ADDED ENTRY--TOPICAL TERM | |
| Topical term or geographic name as entry element | SANKIRNA / GOSHTI |
| 942 ## - ADDED ENTRY ELEMENTS (KOHA) | |
| Koha item type | Book |
| Withdrawn status | Lost status | Damaged status | Not for loan | Home library | Current library | Date acquired | Total Checkouts | Barcode | Date last seen | Price effective from |
|---|---|---|---|---|---|---|---|---|---|---|
| Institute For Oriental Study, Thane | Institute For Oriental Study, Thane | 12/02/2009 | IOS-M 18811 | 12/02/2009 | 12/02/2009 |